00741nam a2200253Ia 450000500170000000800460001702000180006303700100008104000080009104000080009904000080010704100080011504100080012308400080013110000190013924501110015826000310026926000090030065000160030985600400032594200100036599900210037595200910039620260306163613.0008 260114s9999 xx 000 0 eng d a9781474476829 aEBOOK aCRL beng cCRL 2eng aeng qCRL aGutman9923383 4aThe Politics Of Armenian Migration To North America, 1885-1915: Sojourners, Smugglers And Dubious Citizens bEdinburgh University Press c2020 aSocial Work uhttps://academic.oup.com/book/33831 cEBOOK c1710760d1710760 00104070aCRLbCRLd2026-03-06l0pCL2003281r2026-03-06 16:36:13w2026-03-06yEBOOK